| 000 | 00608nam a2200205Ia 4500 | ||
|---|---|---|---|
| 005 | 20250508164752.0 | ||
| 008 | 008 250505s9999 xx 000 0 eng d | ||
| 037 | _aTextual | ||
| 040 |
_aFEDL _beng _cFEDL |
||
| 041 |
_aeng _2eng |
||
| 084 |
_a371.9, DUK _qFEDL |
||
| 100 |
_aDukes Chris _9779122 |
||
| 245 | 0 | _aWorking with parents of children with special educational needs | |
| 260 |
_aLondon, UK _bPaul Chapman Publishing Limited _c2007 |
||
| 300 | _axii,123p. | ||
| 365 |
_aGBP _b19.99 |
||
| 700 |
_a Smith Maggie _9779123 |
||
| 942 |
_cTEXL _h371.9, DUK |
||
| 999 |
_c1391025 _d1391025 |
||